000 00513nam a22001697a 4500
005 20251108172946.0
008 250721s1988 xx 000 0 ara d
082 1 4 _a617.96/بنج
100 1 _aالتكروري، محمد سعيد
245 1 0 _aالبنج : مقالات و أبحاث في التخدير و الإنعاش /
264 1 _aعمان :
_bدار عمار للنشر،
_c1988.
300 _a116 ص
650 1 7 _aالجراحة
650 1 7 _aالتخدير
942 _2ddc
_cBK
999 _c92807
_d92807